El Estado de México y la federación mexicana, 1823-1835 /

Historia del Estado de México y de sus relaciones con la federación durante el período 1823-1835, cuando el federalismo surge como una respuesta a los conflictos por los que atravesó el país a la caída del Imperio.

Gorde:
Xehetasun bibliografikoak
Egile nagusia: Macune, Charles W. (autor)
Formatua: Liburua
Hizkuntza:gaztelania
Argitaratua: México : Fondo de Cultura Económica, 1978, c1978
Saila:(Sección de Obras de Historia)
Gaiak:
Etiketak: Etiketa erantsi
Etiketarik gabe, Izan zaitez lehena erregistro honi etiketa jartzen!

MARC

LEADER 00000nam^a2200000^a^4500
001 000133777
005 20250521000000.0
009 20260310095143.388
020 |a 968-16-0003-7 
037 |a Acervo ITESO - Biblioteca 
041 |a ESP 
082 |a 972. 52042  |b MAC 
100 |a Macune, Charles W.  |e (autor) 
245 1 3 |a El Estado de México y la federación mexicana, 1823-1835 /  |c C.W. Macune ; tr. por Julio Zapata. 
264 4 |a México :  |b Fondo de Cultura Económica,  |c 1978, c1978 
300 |a 276 p. 
336 |a texto  |b txt  |2 rdacontenido 
337 |a sin mediación  |b n  |2 rdamedio 
338 |a volumen  |b nc  |2 rdasoporte 
440 1 |a (Sección de Obras de Historia) 
500 |a Traducción de: A Test of Federalism: Political, Economic and Ecclesiastical Relations Between the State of Mexico and the Mexican Nation, 1823-1835 
520 |a Historia del Estado de México y de sus relaciones con la federación durante el período 1823-1835, cuando el federalismo surge como una respuesta a los conflictos por los que atravesó el país a la caída del Imperio. 
649 |a XX 
650 |a Federalismo -  |z México -  |x Historia 
650 |a Política -  |z México (Estado) -  |x Historia -  |y Federalismo, 1824-1835 
650 |a Política -  |z México (Estado) -  |x Historia -  |y Federalismo y Centralismo, 1824-1853 
650 |a Política -  |z México (Estado) -  |x Historia -  |y Siglo XIX 
650 |a Política -  |z México -  |x Historia -  |y Federalismo, 1824-1835 
650 |a Política -  |z México -  |x Historia -  |y Federalismo y Centralismo, 1824-1853 
650 |a Política -  |z México -  |x Historia -  |y Siglo XIX 
650 |a México (Estado) -  |x Historia -  |y Federalismo, 1824-1835 -  |x Tema Principal 
650 |a México (Estado) -  |x Historia -  |y Federalismo y Centralismo, 1824-1853 
650 |a México (Estado) -  |x Historia -  |y Siglo XIX 
650 |a México -  |x Historia -  |y Federalismo, 1824-1835 
650 |a México -  |x Historia -  |y Federalismo y Centralismo, 1824-1853 
650 |a México -  |x Historia -  |y Siglo XIX 
910 |a Fondo Salvador Reynoso Reynoso 
920 |a Impresos - Libros 
930 |a Fondos Especiales 
905 |a 112 
901 |a 0800013001  |b IT2  |c ESP  |u 20250521 
902 |a https://opac.biblio.iteso.mx/vufind/Record/000133777